000 00646nam a2200217 i 4500
001 bgj
100 1 _aSCHEUER, Helmut.
245 1 0 _aArno Holz im literarischen Leben des ausgehenden 19. Jahrhunderts (1883-1896) :
_beine biographische Studie /
_cHelmuth Scheuer.
260 _aMünchen :
_bWinkler-Verlag,
_ccop. 1971.
300 _a328, [1] s. ;
_c21 cm.
490 1 _aWinkler Studien
504 _aBibliogr. s. 308-319. Indeks.
650 9 _aLiteratura niemiecka
830 _aWinkler Studien
040 _cBPK
041 0 _ager
044 _aDEU
080 _a821.112.2
942 _cKS
008 s gw f |000 0 ger
999 _c50333
_d50333
856 _uhttp://koha.tu.koszalin.pl/cgi-bin/koha/opac-detail.pl?biblionumber=50333
_yKatalog online BPK